Tour de Romandie Winners - Statistics

General Stats
  • This quiz has been taken 6 times
  • The average score is 20 of 78
Answer Stats
Year Country Winner % Correct
2025 POR João Almeida
67%
2023 GBR Adam Yates
50%
2008 GER Andreas Klöden
50%
1980 FRA Bernard Hinault
50%
2011 AUS Cadel Evans
50%
2006 AUS Cadel Evans
50%
1968 BEL Eddy Merckx
50%
1969 ITA Felice Gimondi
50%
2021 GBR Geraint Thomas
50%
2019 SLO Primož Roglič
50%
2018 SLO Primož Roglič
50%
1996 ESP Abraham Olano
33%
2022 RUS Aleksandr Vlasov
33%
1992 USA Andrew Hampsten
33%
1972 FRA Bernard Thévenet
33%
2012 GBR Bradley Wiggins
33%
1990 FRA Charly Mottet
33%
2014 GBR Chris Froome
33%
2013 GBR Chris Froome
33%
1986 BEL Claude Criquielion
33%
1951 SUI Ferdinand Kübler
33%
1948 SUI Ferdinand Kübler
33%
1971 ITA Gianni Motta
33%
1966 ITA Gianni Motta
33%
1979 ITA Giuseppe Saronni
33%
1970 SWE Gösta Pettersson
33%
1953 SUI Hugo Koblet
33%
2015 RUS Ilnur Zakarin
33%
1976 BEL Johan De Muynck
33%
1974 NED Joop Zoetemelk
33%
1998 SUI Laurent Dufaux
33%
1999 FRA Laurent Jalabert
33%
2016 COL Nairo Quintana
33%
1994 SUI Pascal Richard
33%
1993 SUI Pascal Richard
33%
1989 AUS Phil Anderson
33%
2017 AUS Richie Porte
33%
1987 IRL Stephen Roche
33%
1984 IRL Stephen Roche
33%
1983 IRL Stephen Roche
33%
1995 SUI Toni Rominger
33%
1991 SUI Toni Rominger
33%
2004 USA Tyler Hamilton
33%
2003 USA Tyler Hamilton
33%
1967 ITA Vittorio Adorni
33%
1965 ITA Vittorio Adorni
33%
2024 ESP Carlos Rodríguez
17%
2002 ITA Dario Frigo
17%
2001 ITA Dario Frigo
17%
1947 BEL Désiré Keteleer
17%
1975 ESP Francisco Galdós
17%
1977 ITA Gianbattista Baronchelli
17%
1949 ITA Gino Bartali
17%
1978 NED Johan van der Velde
17%
1985 SUI Jörg Müller
17%
1982 NOR Jostein Wilmann
17%
2000 ITA Paolo Savoldelli
17%
1997 RUS Pavel Tonkov
17%
2009 CZE Roman Kreuziger
17%
2005 COL Santiago Botero
17%
2010 SLO Simon Špilak
17%
2007 NED Thomas Dekker
17%
1981 SWE Tommy Prim
17%
1973 BEL Wilfried David
17%
1950 FRA Édouard Fachleitner
0%
1988 NED Gerard Veldscholten
0%
1958 FRA Gilbert Bauvin
0%
1962 ITA Guido De Rosso
0%
1957 FRA Jean Forestier
0%
1954 FRA Jean Forestier
0%
1959 SUI Kurt Gimmi
0%
1961 FRA Louis Rostollan
0%
1960 FRA Louis Rostollan
0%
1956 ITA Pasquale Fornara
0%
1955 SUI René Strehler
0%
1964 SUI Rolf Maurer
0%
1963 BEL Willy Bocklant
0%
1952 NED Wout Wagtmans
0%
No matching quizzes found
Score Distribution
Percent of People with Each Score
Percentile by Number Answered
Your Score History
You have not taken this quiz